| 000 | 00799nam a2200241 a 4500 | ||
|---|---|---|---|
| 005 | 20240228064318.0 | ||
| 008 | 171017s2007 es r 000 0 spa d | ||
| 020 | _a9788467518962 | ||
| 035 | _aUPN01000221082 | ||
| 049 | _aI | ||
| 050 | 4 |
_aPZ74.7 _bR6.62 |
|
| 100 | 1 |
_aRodari, Gianni, _d1920-1980 _931875 |
|
| 245 | 1 | 3 |
_aEl paseo de un distraído / _cGianni Rodari ; adapt. Beatrice Alemagna. |
| 260 |
_aMadrid : _bSM, _c2007. |
||
| 300 |
_a25 p. : _bil. col. + _e1 CD-ROM ; 4 3/4 plg. |
||
| 500 | _aSolicita el CD-ROM en el Mostrador de Préstamo | ||
| 534 |
_pTítulo original: _tLa passeggiata di un distratto |
||
| 650 | 4 |
_aAMOR MATERNAL _94326 |
|
| 650 | 4 |
_aNIÑOS - _xCONDUCTA DE VIDA _917303 |
|
| 650 | 4 |
_aLibros y lectura para niños _92290 |
|
| 905 | _aInfantil | ||
| 999 |
_c193181 _d193181 |
||